000
00190 a2200097 4500
020
_a
9781512497588
041
_a
spa
100
_a
Tessa Kenan
245
_a
Que vivan los Doctores
942
_c
K
999
_c
27533
_d
27533